<?xml version="1.0" encoding="UTF-8"?>
<record
    xmlns:xsi="http://www.w3.org/2001/XMLSchema-instance"
    xsi:schemaLocation="http://www.loc.gov/MARC21/slim http://www.loc.gov/standards/marcxml/schema/MARC21slim.xsd"
    xmlns="http://www.loc.gov/MARC21/slim">

  <leader>00418nam a22001697a 4500</leader>
  <datafield tag="999" ind1=" " ind2=" ">
    <subfield code="c">11142</subfield>
    <subfield code="d">11142</subfield>
  </datafield>
  <controlfield tag="003">OSt</controlfield>
  <controlfield tag="008">220413b           ||||| |||| 00| 0 eng d</controlfield>
  <datafield tag="020" ind1=" " ind2=" ">
    <subfield code="a">978932725309</subfield>
  </datafield>
  <datafield tag="082" ind1=" " ind2=" ">
    <subfield code="a">391 SOH</subfield>
  </datafield>
  <datafield tag="100" ind1=" " ind2=" ">
    <subfield code="a">SODHIA, Manmmet</subfield>
  </datafield>
  <datafield tag="245" ind1=" " ind2=" ">
    <subfield code="a">History of Fashion</subfield>
  </datafield>
  <datafield tag="250" ind1=" " ind2=" ">
    <subfield code="a">3rd Edition </subfield>
  </datafield>
  <datafield tag="260" ind1=" " ind2=" ">
    <subfield code="a">New Delhi</subfield>
    <subfield code="b">Kalyani Publishers</subfield>
    <subfield code="c">2015</subfield>
  </datafield>
  <datafield tag="300" ind1=" " ind2=" ">
    <subfield code="a">168</subfield>
  </datafield>
  <datafield tag="650" ind1=" " ind2=" ">
    <subfield code="a">History of Fashion ( B.F.A.D)</subfield>
  </datafield>
  <datafield tag="942" ind1=" " ind2=" ">
    <subfield code="2">ddc</subfield>
    <subfield code="c">BK</subfield>
    <subfield code="0">3</subfield>
  </datafield>
  <datafield tag="952" ind1=" " ind2=" ">
    <subfield code="0">0</subfield>
    <subfield code="1">0</subfield>
    <subfield code="2">ddc</subfield>
    <subfield code="4">0</subfield>
    <subfield code="7">0</subfield>
    <subfield code="8">BFAD</subfield>
    <subfield code="a">PIETNCR</subfield>
    <subfield code="b">PIETNCR</subfield>
    <subfield code="d">2022-04-01</subfield>
    <subfield code="e">Kirti Prakashan</subfield>
    <subfield code="f">Indian Rup</subfield>
    <subfield code="g">950.00</subfield>
    <subfield code="k">IN5</subfield>
    <subfield code="l">3</subfield>
    <subfield code="o">391 SOH</subfield>
    <subfield code="p">N2256</subfield>
    <subfield code="r">2025-10-13 00:00:00</subfield>
    <subfield code="s">2025-08-12</subfield>
    <subfield code="v">760.00</subfield>
    <subfield code="w">2022-04-01</subfield>
    <subfield code="y">BK</subfield>
  </datafield>
  <datafield tag="952" ind1=" " ind2=" ">
    <subfield code="0">0</subfield>
    <subfield code="1">0</subfield>
    <subfield code="2">ddc</subfield>
    <subfield code="4">0</subfield>
    <subfield code="7">0</subfield>
    <subfield code="8">BFAD</subfield>
    <subfield code="a">PIETNCR</subfield>
    <subfield code="b">PIETNCR</subfield>
    <subfield code="d">2022-04-01</subfield>
    <subfield code="e">Kirti Prakashan</subfield>
    <subfield code="f">Indian Rup</subfield>
    <subfield code="g">950.00</subfield>
    <subfield code="k">IN5</subfield>
    <subfield code="l">3</subfield>
    <subfield code="o">391 SOH</subfield>
    <subfield code="p">N2257</subfield>
    <subfield code="r">2024-11-14 00:00:00</subfield>
    <subfield code="s">2024-11-04</subfield>
    <subfield code="v">760.00</subfield>
    <subfield code="w">2022-04-01</subfield>
    <subfield code="y">BK</subfield>
  </datafield>
  <datafield tag="952" ind1=" " ind2=" ">
    <subfield code="0">0</subfield>
    <subfield code="1">0</subfield>
    <subfield code="2">ddc</subfield>
    <subfield code="4">0</subfield>
    <subfield code="7">0</subfield>
    <subfield code="8">BFAD</subfield>
    <subfield code="a">PIETNCR</subfield>
    <subfield code="b">PIETNCR</subfield>
    <subfield code="d">2022-04-01</subfield>
    <subfield code="e">Kirti Prakashan</subfield>
    <subfield code="f">Indian Rup</subfield>
    <subfield code="g">950.00</subfield>
    <subfield code="k">IN5</subfield>
    <subfield code="l">0</subfield>
    <subfield code="o">391 SOH</subfield>
    <subfield code="p">N2258</subfield>
    <subfield code="r">2022-04-13 00:00:00</subfield>
    <subfield code="v">760.00</subfield>
    <subfield code="w">2022-04-01</subfield>
    <subfield code="y">BK</subfield>
  </datafield>
  <datafield tag="952" ind1=" " ind2=" ">
    <subfield code="0">0</subfield>
    <subfield code="1">0</subfield>
    <subfield code="2">ddc</subfield>
    <subfield code="4">0</subfield>
    <subfield code="7">1</subfield>
    <subfield code="8">BFAD</subfield>
    <subfield code="a">PIETNCR</subfield>
    <subfield code="b">PIETNCR</subfield>
    <subfield code="d">2022-04-01</subfield>
    <subfield code="e">Kirti Prakashan</subfield>
    <subfield code="f">Indian Rup</subfield>
    <subfield code="g">950.00</subfield>
    <subfield code="k">IN5</subfield>
    <subfield code="l">0</subfield>
    <subfield code="o">391 SOH</subfield>
    <subfield code="p">N2259</subfield>
    <subfield code="r">2022-04-13 00:00:00</subfield>
    <subfield code="v">760.00</subfield>
    <subfield code="w">2022-04-01</subfield>
    <subfield code="y">BK</subfield>
  </datafield>
  <datafield tag="952" ind1=" " ind2=" ">
    <subfield code="0">0</subfield>
    <subfield code="1">0</subfield>
    <subfield code="2">ddc</subfield>
    <subfield code="4">0</subfield>
    <subfield code="7">0</subfield>
    <subfield code="8">BFAD</subfield>
    <subfield code="a">PIETNCR</subfield>
    <subfield code="b">PIETNCR</subfield>
    <subfield code="d">2022-04-01</subfield>
    <subfield code="e">Kirti Prakashan</subfield>
    <subfield code="f">Indian Rup</subfield>
    <subfield code="g">950.00</subfield>
    <subfield code="k">IN5</subfield>
    <subfield code="l">1</subfield>
    <subfield code="o">391 SOH</subfield>
    <subfield code="p">N2260</subfield>
    <subfield code="r">2024-11-07 00:00:00</subfield>
    <subfield code="s">2024-11-05</subfield>
    <subfield code="v">760.00</subfield>
    <subfield code="w">2022-04-01</subfield>
    <subfield code="y">BK</subfield>
  </datafield>
  <datafield tag="952" ind1=" " ind2=" ">
    <subfield code="0">0</subfield>
    <subfield code="1">0</subfield>
    <subfield code="2">ddc</subfield>
    <subfield code="4">0</subfield>
    <subfield code="7">0</subfield>
    <subfield code="8">BFAD</subfield>
    <subfield code="a">PIETNCR</subfield>
    <subfield code="b">PIETNCR</subfield>
    <subfield code="d">2022-04-01</subfield>
    <subfield code="e">Kirti Prakashan</subfield>
    <subfield code="f">Indian Rup</subfield>
    <subfield code="g">950.00</subfield>
    <subfield code="k">IN5</subfield>
    <subfield code="l">1</subfield>
    <subfield code="o">391 SOH</subfield>
    <subfield code="p">N2261</subfield>
    <subfield code="r">2022-05-19 00:00:00</subfield>
    <subfield code="s">2022-05-04</subfield>
    <subfield code="v">760.00</subfield>
    <subfield code="w">2022-04-01</subfield>
    <subfield code="y">BK</subfield>
  </datafield>
  <datafield tag="952" ind1=" " ind2=" ">
    <subfield code="0">0</subfield>
    <subfield code="1">0</subfield>
    <subfield code="2">ddc</subfield>
    <subfield code="4">0</subfield>
    <subfield code="7">0</subfield>
    <subfield code="8">BFAD</subfield>
    <subfield code="a">PIETNCR</subfield>
    <subfield code="b">PIETNCR</subfield>
    <subfield code="d">2022-04-01</subfield>
    <subfield code="e">Kirti Prakashan</subfield>
    <subfield code="f">Indian Rup</subfield>
    <subfield code="g">950.00</subfield>
    <subfield code="k">IN5</subfield>
    <subfield code="l">3</subfield>
    <subfield code="o">391 SOH</subfield>
    <subfield code="p">N2262</subfield>
    <subfield code="r">2026-03-18 00:00:00</subfield>
    <subfield code="s">2026-03-09</subfield>
    <subfield code="v">760.00</subfield>
    <subfield code="w">2022-04-01</subfield>
    <subfield code="y">BK</subfield>
  </datafield>
  <datafield tag="952" ind1=" " ind2=" ">
    <subfield code="0">0</subfield>
    <subfield code="1">0</subfield>
    <subfield code="2">ddc</subfield>
    <subfield code="4">0</subfield>
    <subfield code="7">0</subfield>
    <subfield code="8">BFAD</subfield>
    <subfield code="a">PIETNCR</subfield>
    <subfield code="b">PIETNCR</subfield>
    <subfield code="d">2022-04-01</subfield>
    <subfield code="e">Kirti Prakashan</subfield>
    <subfield code="f">Indian Rup</subfield>
    <subfield code="g">950.00</subfield>
    <subfield code="k">IN5</subfield>
    <subfield code="l">2</subfield>
    <subfield code="o">391 SOH</subfield>
    <subfield code="p">N2263</subfield>
    <subfield code="r">2024-11-07 00:00:00</subfield>
    <subfield code="s">2024-11-05</subfield>
    <subfield code="v">760.00</subfield>
    <subfield code="w">2022-04-01</subfield>
    <subfield code="y">BK</subfield>
  </datafield>
  <datafield tag="952" ind1=" " ind2=" ">
    <subfield code="0">0</subfield>
    <subfield code="1">0</subfield>
    <subfield code="2">ddc</subfield>
    <subfield code="4">0</subfield>
    <subfield code="7">0</subfield>
    <subfield code="8">BFAD</subfield>
    <subfield code="a">PIETNCR</subfield>
    <subfield code="b">PIETNCR</subfield>
    <subfield code="d">2022-04-01</subfield>
    <subfield code="e">Kirti Prakashan</subfield>
    <subfield code="f">Indian Rup</subfield>
    <subfield code="g">950.00</subfield>
    <subfield code="k">IN5</subfield>
    <subfield code="l">0</subfield>
    <subfield code="o">391 SOH</subfield>
    <subfield code="p">N2264</subfield>
    <subfield code="r">2022-04-13 00:00:00</subfield>
    <subfield code="v">760.00</subfield>
    <subfield code="w">2022-04-01</subfield>
    <subfield code="y">BK</subfield>
  </datafield>
  <datafield tag="952" ind1=" " ind2=" ">
    <subfield code="0">0</subfield>
    <subfield code="1">0</subfield>
    <subfield code="2">ddc</subfield>
    <subfield code="4">0</subfield>
    <subfield code="7">0</subfield>
    <subfield code="8">BFAD</subfield>
    <subfield code="a">PIETNCR</subfield>
    <subfield code="b">PIETNCR</subfield>
    <subfield code="d">2022-04-01</subfield>
    <subfield code="e">Kirti Prakashan</subfield>
    <subfield code="f">Indian Rup</subfield>
    <subfield code="g">950.00</subfield>
    <subfield code="k">IN5</subfield>
    <subfield code="l">1</subfield>
    <subfield code="o">391 SOH</subfield>
    <subfield code="p">N2265</subfield>
    <subfield code="r">2026-04-07 11:31:19</subfield>
    <subfield code="s">2026-03-25</subfield>
    <subfield code="v">760.00</subfield>
    <subfield code="w">2022-04-01</subfield>
    <subfield code="y">BK</subfield>
  </datafield>
</record>
